000 00451nam a2200157Ia 4500
999 _c20471
_d20471
003 OSt
005 20200610110201.0
008 190216s9999||||xx |||||||||||||| ||und||
040 _coclc
082 _a910.031767
_bIQB/C
100 _a Iqbal, Afzal
_92311
245 4 _aThe Culture Of Islam /
_cAfzal Iqbal
260 _bIdarah-1 Adabiyat-1,
_c1985.
300 _a303p
942 _cBK
_2ddc
_h910.031767
_iIQB/C
_k910.031767
_mIQB/C